| 000 | 00519nam a2200193Ia 4500 | ||
|---|---|---|---|
| 003 | GCL | ||
| 008 | 140319s9999 xx 000 0 eng d | ||
| 040 |
_aGCL / _cGCL |
||
| 082 | 0 | 4 |
_a611.01 _bB W |
| 100 | 1 | _aBURKITT, H. GEORGE | |
| 245 | 1 | 0 |
_aWHEATER'S FUNCTIONAL HISTOLOGY, A TEXT AND COLOUR ATLAS / _cBURKITT, H. GEORGE |
| 700 | 1 | _aYOUNG, BARARA | |
| 700 | 1 | _aHEATH, JOHN W. | |
| 260 |
_a[S.N] : _bLONGMAN GROUP ، _c1993 |
||
| 300 | _a407 P | ||
| 650 | 0 | 4 | _aHISTOLOGY |
| 650 | 0 | 4 | _aPATHOLOGY |
| 942 |
_2ddc _cBK |
||
| 999 |
_c19804 _d19804 |
||